Southville International School and Colleges
Your cart is empty.
  • Cart
  • Lists
    Public lists Eva Luna New books Lux_list list_1
    Your lists Log in to create your own lists
  • Log in to your account
  • Your cookies
  • Search history
Southville International School and Colleges
  • Advanced search
  • Recent comments
  • Most popular
  • Libraries

Log in to your account

Log in with GOOGLE


If you do not have an external account, but do have a local account, you can still log in:

  1. Home
  2. MARC view: Speaking & pronunciation :
Normal view MARC view ISBD view

Speaking & pronunciation : (Record no. 22173)

[ view plain ]
MARC details
000 -LEADER
fixed length control field 01029nam a2200277 a 4500
005 - DATE AND TIME OF LATEST TRANSACTION
control field 20140310183354.0
008 - FIXED-LENGTH DATA ELEMENTS--GENERAL INFORMATION
fixed length control field 120919s19uu xx 00 eng d
020 ## - INTERNATIONAL STANDARD BOOK NUMBER
International Standard Book Number 9781859645758
050 ## - LIBRARY OF CONGRESS CALL NUMBER
Classification number PE 1628In
Item number .M478 2011
100 ## - MAIN ENTRY--PERSONAL NAME
Personal name McCormack, Joan
245 ## - TITLE STATEMENT
Title Speaking & pronunciation :
Remainder of title instructor's manual /
Statement of responsibility, etc Joan McCormack ... [et al.].
260 ## - PUBLICATION, DISTRIBUTION, ETC. (IMPRINT)
Place of publication, distribution, etc Reading, UK :
Name of publisher, distributor, etc Garnet Education,
Date of publication, distribution, etc 2011.
300 ## - PHYSICAL DESCRIPTION
Extent 100 p. :
Other physical details ill. ;
Dimensions 25 cm.
440 ## - SERIES STATEMENT/ADDED ENTRY--TITLE
Title English for Academic Study
500 ## - GENERAL NOTE
General note Suitable for: TOEFL 500-600, IELTS 5.0-7.0.
520 ## - SUMMARY, ETC.
Summary, etc A university preparation course published in collaboration with the University of Reading.
650 ## - SUBJECT ADDED ENTRY--TOPICAL TERM
Topical term or geographic name as entry element English language
General subdivision Textbooks for foreign speakers
650 ## - SUBJECT ADDED ENTRY--TOPICAL TERM
Topical term or geographic name as entry element English language
General subdivision Pronunciation
650 ## - SUBJECT ADDED ENTRY--TOPICAL TERM
Topical term or geographic name as entry element Rhetoric
General subdivision Problems, exercises, etc.
650 ## - SUBJECT ADDED ENTRY--TOPICAL TERM
Topical term or geographic name as entry element English language
General subdivision Rhetoric
-- Problems, exercises, etc.
700 ## - ADDED ENTRY--PERSONAL NAME
Personal name Watkins, Sebastian
700 ## - ADDED ENTRY--PERSONAL NAME
Personal name Smith, Jonathan
700 ## - ADDED ENTRY--PERSONAL NAME
Personal name Margolis, Annette
942 ## - ADDED ENTRY ELEMENTS (KOHA)
Koha item type Books
Source of classification or shelving scheme Library of Congress Classification
Call number prefix Foreign
Holdings
Withdrawn status Lost status Source of classification or shelving scheme Damaged status Home library Current library Shelving location Date acquired Source of acquisition Cost, normal purchase price Total Checkouts Full call number Barcode Date last seen Copy number Price effective from Koha item type
    Library of Congress Classification   Archives Archives   09/19/2012 Donation 3245.00   PE 1628In .M478 2011 C15809 05/15/2018 1 10/10/2013 Books

Speaking & pronunciation :

APA

McCormack J., Watkins S., Smith J. & Margolis A. (2011). Speaking & pronunciation. Reading, UK: Garnet Education.

Chicago

McCormack Joan, Watkins Sebastian, Smith Jonathan and Margolis Annette. 2011. Speaking & pronunciation. Reading, UK: Garnet Education.

Harvard

McCormack J., Watkins S., Smith J. and Margolis A. (2011). Speaking & pronunciation. Reading, UK: Garnet Education.

MLA

McCormack Joan, Watkins Sebastian, Smith Jonathan and Margolis Annette. Speaking & pronunciation. Reading, UK: Garnet Education. 2011.

  • Place hold
  • Print
  • Cite
  • Add to your cart (remove)
  • Save record
    BIBTEX Dublin Core MARCXML MARC (non-Unicode/MARC-8) MARC (Unicode/UTF-8) MARC (Unicode/UTF-8, Standard) MODS (XML) RIS
  • More searches
    Search for this title in:
    Other Libraries (WorldCat) Other Databases (Google Scholar) Online Stores (Bookfinder.com) Open Library (openlibrary.org)

Exporting to Dublin Core...

SOUTHVILLE LIBRARY

Southville International School and Colleges Library

1281 Tropical Ave. Cor. Luxembourg St., BF Homes International, Las Pinas City

Tel. No. 8256374 / 252358 Loc. 117/146

Powered by Koha